[Event "BUL-chT"]
[Site "Plovdiv"]
[Date "2003.11.11"]
[Round "9"]
[White "Kuzev, Borislav"]
[Black "Mogilarov, Dimitar"]
[Result "1/2-1/2"]
[WhiteElo "2223"]
[BlackElo "2138"]
[PlyCount "135"]
[EventDate "2003.11.??"]
[EventType "team-tourn"]
[EventRounds "9"]
[EventCountry "BUL"]
[SourceTitle "CBM 097 Extra"]
[Source "ChessBase"]
[SourceDate "2004.01.13"]
[SourceVersion "1"]
[SourceVersionDate "2004.01.13"]
[SourceQuality "1"]

1. d4 Nf6 2. Nf3 g6 3. g3 Bg7 4. Bg2 0-0 5. 0-0 d5 6. b3 c5 7. e3 Ne4 8. Bb2 Nc6 9. Ne5 cxd4 10. exd4 Qc7 11. Nxc6 bxc6 12. Nd2 Nd6 13. Qc1 Qb6 14. Nf3 Nf5 15. Rd1 Ba6 16. Ne5 Rfd8 17. c4 Bxe5 18. c5 Nxd4 19. cxb6 Ne2+ 20. Kh1 Nxc1 21. Bxe5 Nd3 22. b7 Rab8 23. Bxb8 Rxb8 24. Rd2 Rxb7 25. Rad1 Ne5 26. Re1 Ng4 27. Rc1 Rb6 28. h3 Nf6 29. Rc5 Bb5 30. a4 Nd7 31. Rc3 Ba6 32. a5 Rb5 33. Rxc6 Rxa5 34. Rc7 Nc5 35. Rxa7 Nxb3 36. Rxd5 Ra1+ 37. Kh2 Bc4 38. Rd8+ Kg7 39. Rxe7 Ra2 40. Rc7 Be6 41. Rd6 Kf8 42. Rc3 Nd2 43. Rcd3 Nc4 44. Rd8+ Ke7 45. Kg1 Re2 46. Bf3 Re1+ 47. Kg2 Ne5 48. Rd1 Bxh3+ 49. Kxh3 Nxf3 50. Rxe1+ Kxd8 51. Re3 Ng5+ 52. Kg4 Ne6 53. Kf3 h5 54. Ke4 Ke7 55. Kd5 Kf6 56. Kd6 Ng7 57. Kd5 Nf5 58. Re4 Ne7+ 59. Kd4 Nf5+ 60. Kd3 Kg7 61. Ke2 Kf6 62. Kf3 Kg7 63. Kg2 Kf6 64. f3 Kg7 65. g4 hxg4 66. fxg4 Nd6 67. Re5 Kf6 68. Ra5 1/2-1/2

[Event "BUL-chT"]
[Site "Plovdiv"]
[Date "2003.11.08"]
[Round "6"]
[White "Delchev, Petar"]
[Black "Kuzev, Borislav"]
[Result "1-0"]
[WhiteElo "2263"]
[BlackElo "2223"]
[PlyCount "87"]
[EventDate "2003.11.??"]
[EventType "team-tourn"]
[EventRounds "9"]
[EventCountry "BUL"]
[SourceTitle "CBM 097 Extra"]
[Source "ChessBase"]
[SourceDate "2004.01.13"]
[SourceVersion "1"]
[SourceVersionDate "2004.01.13"]
[SourceQuality "1"]

1. e4 c5 2. Nf3 e6 3. d3 Nc6 4. g3 g6 5. Bg2 Bg7 6. 0-0 Nge7 7. Re1 d6 8. c3 e5 9. Be3 0-0 10. Qd2 Bd7 11. Na3 a6 12. d4 b6 13. h3 Qc7 14. Rad1 Rad8 15. Qe2 cxd4 16. cxd4 exd4 17. Nxd4 b5 18. Nac2 Rfe8 19. Qd2 Bc8 20. Rc1 Qd7 21. Nxc6 Qxc6 22. e5 Qc7 23. Nb4 Qb8 24. exd6 Rxd6 25. Qc2 Bf5 26. Qb3 Qd8 27. Bg5 Be6 28. Qa3 Qd7 29. Nxa6 Rd3 30. b3 Bf8 31. Nc5 Nd5 32. Qb2 Bxc5 33. Rxc5 Rc8 34. Bh6 Nc3 35. Rxc8+ Qxc8 36. b4 Qc7 37. Rc1 Qe5 38. Bf1 Rf3 39. Qd2 Bd5 40. Re1 Ne4 41. Qe2 Ra3 42. Bg2 Rxa2 43. Qe3 f5 44. Qb6 1-0

[Event "BUL-chT"]
[Site "Plovdiv"]
[Date "2003.11.08"]
[Round "5"]
[White "Tashkov, Rumen"]
[Black "Kuzev, Borislav"]
[Result "0-1"]
[WhiteElo "2253"]
[BlackElo "2223"]
[PlyCount "101"]
[EventDate "2003.11.??"]
[EventType "team-tourn"]
[EventRounds "9"]
[EventCountry "BUL"]
[SourceTitle "CBM 097 Extra"]
[Source "ChessBase"]
[SourceDate "2004.01.13"]
[SourceVersion "1"]
[SourceVersionDate "2004.01.13"]
[SourceQuality "1"]

1. d4 g6 2. Nf3 Nf6 3. c4 Bg7 4. g3 0-0 5. Bg2 c5 6. Nc3 cxd4 7. Nxd4 Nc6 8. 0-0 Nxd4 9. Qxd4 d6 10. Qd3 Bf5 11. e4 Be6 12. b3 a6 13. Bd2 Nd7 14. Qe2 Nc5 15. Rac1 Re8 16. b4 Nd7 17. Nd5 Bxd5 18. exd5 b6 19. h4 a5 20. a3 axb4 21. axb4 Ra2 22. Qd1 Qa8 23. Bc3 Bxc3 24. Rxc3 Qa4 25. Qb1 Ra3 26. Rxa3 Qxa3 27. Re1 Ne5 28. Re3 Qa7 29. Qc1 Rc8 30. Rc3 Kg7 31. Bf1 Qa4 32. Qb2 f6 33. Be2 Ra8 34. Kg2 Qa2 35. Rc2 Qxb2 36. Rxb2 Ra4 37. f4 Nf7 38. Kf2 g5 39. Ke3 Ra3+ 40. Bd3 gxh4 41. gxh4 f5 42. Kd4 Kg6 43. Re2 Nd8 44. Bxf5+ Kxf5 45. Rxe7 Kg6 46. Re8 Nf7 47. Re6+ Kf5 48. Re7 Nh6 49. Rxh7 Kg6 50. Rxh6+ Kxh6 51. c5 0-1

[Event "BUL-chT"]
[Site "Varna"]
[Date "1995.??.??"]
[Round "1"]
[White "Marholev, Dimitar"]
[Black "Kuzev, Borislav"]
[Result "0-1"]
[WhiteElo "2235"]
[BlackElo "2210"]
[PlyCount "64"]
[EventDate "1995.??.??"]
[EventType "team-tourn"]
[EventRounds "7"]
[EventCountry "BUL"]
[SourceTitle "EXT 2002"]
[Source "ChessBase"]
[SourceDate "2001.11.25"]
[SourceVersion "1"]
[SourceVersionDate "2001.11.25"]
[SourceQuality "1"]

1. e4 g6 2. d4 Bg7 3. Nc3 d6 4. f4 Nf6 5. Nf3 0-0 6. Bd3 Bg4 7. e5 dxe5 8. fxe5 Nd5 9. Nxd5 Qxd5 10. c3 c5 11. Be3 cxd4 12. cxd4 Nc6 13. Be2 Qe4 14. Qb3 Nb4 15. Qxb4 Qxe3 16. Qd2 Bh6 17. Rd1 Rfd8 18. Qxe3 Bxe3 19. d5 Rac8 20. Rd3 Bb6 21. d6 exd6 22. Rxd6 Rc1+ 23. Bd1 Rb1 24. b3 Rb2 25. Rxd8+ Bxd8 26. 0-0 Rxa2 27. Nd2 Bb6+ 28. Kh1 Be6 29. Ne4 Ra1 30. Nf6+ Kg7 31. Ne8+ Kf8 32. Nd6 Bxb3 0-1

[Event "BUL-chT"]
[Site "Varna"]
[Date "1995.??.??"]
[Round "2"]
[White "Radulski, Julian"]
[Black "Kuzev, Borislav"]
[Result "1-0"]
[WhiteElo "2380"]
[BlackElo "2210"]
[PlyCount "77"]
[EventDate "1995.??.??"]
[EventType "team-tourn"]
[EventRounds "7"]
[EventCountry "BUL"]
[SourceTitle "EXT 2002"]
[Source "ChessBase"]
[SourceDate "2001.11.25"]
[SourceVersion "1"]
[SourceVersionDate "2001.11.25"]
[SourceQuality "1"]

1. e4 c5 2. Nc3 e6 3. g3 d5 4. d3 dxe4 5. Nxe4 Nf6 6. Nxf6+ Qxf6 7. Bg2 Bd6 8. Ne2 0-0 9. 0-0 Nc6 10. Nc3 Bd7 11. Be3 Rac8 12. Ne4 Qe7 13. c3 h6 14. a3 b6 15. b4 cxb4 16. axb4 Bb8 17. b5 Ne5 18. f4 Ng6 19. Bc1 Rfe8 20. Ba3 Qd8 21. c4 f5 22. Qh5 Nh8 23. Nd6 Bxd6 24. Bxd6 Bxb5 25. Be5 Bc6 26. Bxc6 Rxc6 27. Rxa7 Re7 28. Rfa1 Rc8 29. Qe2 Nf7 30. Rxe7 Qxe7 31. Bd4 Qd6 32. Qe3 b5 33. Rc1 bxc4 34. dxc4 Ra8 35. c5 Qd5 36. Bb2 Ra2 37. Qc3 e5 38. c6 Nd6 39. Qxe5 1-0

[Event "BUL-chT"]
[Site "Bankia"]
[Date "1991.??.??"]
[Round "4"]
[White "Kuzev, Borislav"]
[Black "Angelov, Angel"]
[Result "0-1"]
[WhiteElo "2240"]
[BlackElo "2295"]
[PlyCount "68"]
[EventDate "1991.??.??"]
[EventType "team-tourn"]
[EventRounds "8"]
[EventCountry "BUL"]
[SourceTitle "EXT 1998"]
[Source "ChessBase"]
[SourceDate "1997.11.17"]
[SourceVersion "1"]
[SourceVersionDate "1997.11.17"]
[SourceQuality "1"]

1. c4 Nf6 2. Nc3 g6 3. g3 Bg7 4. Bg2 0-0 5. Nf3 d6 6. 0-0 e5 7. d3 Nc6 8. Rb1 a5 9. a3 Re8 10. Bg5 h6 11. Bxf6 Bxf6 12. b4 axb4 13. axb4 Nd4 14. Nd2 Ra3 15. Nb3 c6 16. b5 h5 17. h3 Be6 18. e3 Nxb3 19. Rxb3 Rxb3 20. Qxb3 Qd7 21. bxc6 bxc6 22. Qb6 Rc8 23. Ne4 Be7 24. Ra1 d5 25. Ra7 Qe8 26. cxd5 cxd5 27. Nd6 Rc1+ 28. Kh2 Qf8 29. Nb5 Bc5 30. Qc7 Bxe3 31. Qxe5 Bxf2 32. Qb2 Bg1+ 33. Kh1 Be3+ 34. Kh2 h4 0-1

[Event "BUL-ch 22nd"]
[Site "Pazardzik"]
[Date "1991.??.??"]
[Round "4"]
[White "Kuzev, Borislav"]
[Black "Radulov, Ivan"]
[Result "1/2-1/2"]
[WhiteElo "2240"]
[BlackElo "2405"]
[PlyCount "113"]
[EventDate "1991.??.??"]
[EventType "swiss"]
[EventRounds "10"]
[EventCountry "BUL"]
[SourceTitle "TD"]
[Source "ChessBase"]
[SourceDate "1994.03.01"]
[SourceVersion "1"]
[SourceVersionDate "1994.03.01"]
[SourceQuality "1"]

1. c4 c5 2. Nf3 Nf6 3. g3 g6 4. Bg2 Bg7 5. 0-0 0-0 6. Nc3 d5 7. cxd5 Nxd5 8. Nxd5 Qxd5 9. d3 Qd6 10. Nd2 Nd7 11. Ne4 Qc7 12. Bf4 e5 13. Be3 Rb8 14. Nxc5 Nxc5 15. Rc1 b6 16. b4 Bb7 17. Bxb7 Qxb7 18. bxc5 bxc5 19. Rxc5 e4 20. dxe4 Qxe4 21. Qc2 Qg4 22. Rc4 Qe6 23. Qa4 Rb2 24. Rc2 Rxc2 25. Qxc2 Rc8 26. Qa4 a6 27. Rd1 h5 28. Qd7 Qxd7 29. Rxd7 Rc4 30. h3 Rc2 31. Rd2 Rc4 32. Kg2 a5 33. Bb6 a4 34. e3 a3 35. Bd4 Bxd4 36. exd4 Rc3 37. Re2 Rd3 38. Re3 Rxd4 39. Rxa3 Kg7 40. Kf3 Rd2 41. Ke3 Rb2 42. h4 Kf6 43. Ra4 Kg7 44. Ra7 Kf6 45. Ra5 Ke6 46. Ra4 f6 47. Re4+ Kd5 48. Rd4+ Ke5 49. Rd2 Rb4 50. Kd3 g5 51. Kc3 Ra4 52. Kb3 Ra8 53. a4 gxh4 54. gxh4 Kf4 55. Rd4+ Kf3 56. Rd5 Kg4 57. Rd4+ 1/2-1/2

[Event "BUL-chT"]
[Site "Bankia"]
[Date "1991.??.??"]
[Round "2"]
[White "Stefanov, Krasimir"]
[Black "Kuzev, Borislav"]
[Result "1-0"]
[WhiteElo "2400"]
[BlackElo "2240"]
[PlyCount "100"]
[EventDate "1991.??.??"]
[EventType "team-tourn"]
[EventRounds "8"]
[EventCountry "BUL"]
[SourceTitle "EXT 1998"]
[Source "ChessBase"]
[SourceDate "1997.11.17"]
[SourceVersion "1"]
[SourceVersionDate "1997.11.17"]
[SourceQuality "1"]

1. e4 c5 2. Nf3 d6 3. d4 cxd4 4. Nxd4 Nf6 5. Nc3 Nc6 6. Bg5 e6 7. Bb5 Bd7 8. Bxc6 bxc6 9. Qf3 e5 10. Nf5 Bxf5 11. Qxf5 Qd7 12. Qf3 Be7 13. Rd1 0-0 14. 0-0 Ne8 15. Qg3 Rd8 16. Be3 Qb7 17. b3 d5 18. Na4 d4 19. Bc1 f6 20. Qd3 Nd6 21. Nc5 Qc8 22. Bd2 Rfe8 23. Ba5 Nf7 24. Bxd8 Bxc5 25. Ba5 Bb6 26. Bd2 Nd6 27. c3 f5 28. f3 f4 29. cxd4 Bxd4+ 30. Kh1 c5 31. Bc3 Qb7 32. Bxd4 cxd4 33. Rc1 Rc8 34. Rc2 Rd8 35. Rc5 Nf7 36. Rfc1 Qb4 37. Rc7 a5 38. Qc4 Qxc4 39. R7xc4 Kf8 40. Rc8 Ke7 41. Rxd8 Nxd8 42. Kg1 Kd6 43. Kf2 g5 44. Ke2 Ne6 45. Rc8 h5 46. Rh8 Kc5 47. a3 a4 48. Rc8+ Kb5 49. bxa4+ Kxa4 50. Re8 Nc7 1-0